000 00927nam0a22002771 4500
001 rc\3563074
005 20250610072813.0
021 _aRU
_b[76-52344]
035 _a(NLR Aleph) 007797764
090 _a7673053
_c7673053
100 _a20130115d1976 |||y0rusy50 ca
101 0 _arus
102 _aRU
105 _ay z |||||
200 1 _aПолилогарифмы, их свойства и методы вычисления
_fГ.Н. Пыхтеев, И.Н. Мелешко
210 _aМинск
_cИзд-во БГУ
_d1976
215 _a67 с.
_cграф.
_d20
320 _aСписок лит.: с. 67 (8 назв.)
606 _aЛогарифмы
_2psbo
700 1 _aПыхтеев
_bГ.Н.
_gГеоргий Николаевич
701 1 _aМелешко
_bИ.Н.
_gИван Николаевич
801 0 _aRU
_bNLR
_gpsbo
801 1 _aRU
_bELAR
_2rusmarc
852 _aNLR
_j76-4/30616
942 _cBOOK
980 _aNB